000 00309nam a22001217a 4500
008 211026b ||||| |||| 00| 0 eng d
020 _a9788178559070
050 _a420
_b1
245 _aMCQs In English Class XII (CBSE) Term 1
260 _aNew Delhi
_bArya Publication
_c2021
300 _a1
942 _2ddc
_cBK
999 _c11856
_d11856